Music Quiz

Random Music or Song Quiz

1990s Song Title Beginnings Quiz Stats

 Plays Quiz Updated Feb 21, 2018

Challenge
Share
Tweet
Embed
Score 0/32 Timer 05:00
7 Plays Today
% Correct
Nothing
96%
Smells
95.1%
Genie
94.6%
Losing
94.3%
Baby
94%
Kiss
93%
Good
92.4%
Gangsta's
92.4%
Quit
92.3%
Under
91.4%
Candle
91.3%
Hard
90.7%
Bump
90.2%
Mama
89.2%
November
88.5%
Learn
88.2%
% Correct
Bitter
87.9%
Buddy
87.6%
Enter
86.9%
Bad
86.9%
Jump
86.4%
End
86.2%
Nice
85.7%
Black
85.6%
Walking
85.1%
Waiting
84.6%
Virtual
82.9%
Back
81.5%
Vision
80.7%
Groove
80%
Whatta
72.3%
Another
65.9%

You're not logged in!

Compare scores with friends on all Sporcle quizzes.
OR
Log In

You Might Also Like...

Show Comments

Extras

Top Quizzes Today


Score Distribution

Your Account Isn't Verified!

In order to create a playlist on Sporcle, you need to verify the email address you used during registration. Go to your Sporcle Settings to finish the process.

Report this User

Report this user for behavior that violates our Community Guidelines.

Details: